000 00570nam a2200181Ia 4500
008 240729s9999 xx 000 0 und d
022 _a2287-4690
245 4 _aThe World Journal of Men's Health
260 _aKorea, Republic of
260 _bKorean Society for Sexual Medicine and Andrology
650 _a Diseases of the genitourinary system. Urology
650 _a Internal medicine
650 _a Specialties of internal medicine
650 _aMedicine
856 _uhttps://doaj.org/toc/cad64ae500a54a408fcdd6671ec75249
942 _2ddc
942 _cDOAJEJ
999 _c70985
_d70985
945 _a1
_bMadushi Gamage
_c1
_dMadushi Gamage